1168 1818 1751 1178 1218 1022 1254 1861 1294 1073 1074 1475 1726 1821 1944 1797 1201 1557 1877 1171 1488 1097 1773 1948 1179 1445 1817 1755 1174 1601 1110 1229 1012 1263 1521 1984 1629 1752 1039 1469 1720 1473 1835 1079 1803 1127 1078 1224 1143 1981 1923 1674 1045 1953 1123 1303 1337 1381 1003 1182 1140 1719 1667 1311 1430 1475 1256 1904 1573 1386 1278 1541 1466 1788 1381 1276 1279 1742 1937 1758 1345 1719 1381 1903 1478 1651 1979 1372 1113 1915 1129 1017 1185 1355 1812 1488 1346 1757 1829 BCNSPRNW ULIB Ver.6.0+V

เปลี่ยนเป็นภาษาไทย

Change to English
 แสดงรายละเอียดบรรณานุกรม
  กลับหน้าหลัก

Brief Record : Get Marc (ISO 2709) : E-mail record : QR code < ปิดหน้าต่าง
LEADER : 00000nam 2200000uu 4500
001    13399129135
003     ULIB
008    250718s2026||||th 000 0 tha d
020    ^a9780323531863
060 0  ^aWJ368^bS67K
100 1  ^aKnechtle, Stuart j.
245 1  ^aKidney transplantation :^bprinciples and practice /^cStuart J. Knechtle, and Lorna P. Marson.
250    ^a9th ed.
260    ^aPhiladelphia :^bElsevier,^c2026.
300    ^axvi, 838 p. :^bill. ;^c28 cm.
650  0 ^aKidneys^xTransplantation.
700 1  ^aMarson, Lorna p.
945    ^p9358^l0^i011894
999    ^aประนอม เกษจรัล
รายการนี้ยังไม่มีแท็ก
คุณยังไม่ได้ล็อกอิน คุณสามารถมีกิจกรรมร่วมกับเว็บไซต์ได้ แต่ต้องล็อกอินก่อน ::
  ล็อกอิน

รายการสื่อสารสนเทศ

ลำดับที่ ประเภท เลขเรียก/บาร์โค้ด สถานที่ สถานะ
1. วิทยาศาสตร์การแพทย์ และสุขภาพ
หนังสือสำรอง
สถานะ=หนังสือสำรอง
WJ368 S67K ฉ.1 
  Barcode: 011894
ห้องสมุดวิทยาเขตสวรรค์ประชารักษ์
►หนังสือทั่วไป
บนชั้น

BibComment


ยังไม่เคยถูกคอมเมนท์

คอมเมนท์ทรัพยากรรายการนี้
  คอมเมนท์: Kidney transplan..


 Copyright 2026. Bcnsprnw @Library